流山市内の駅 - Statistics

General Stats
  • This quiz has been taken 69 times
  • The average score is 6 of 9
Answer Stats
Answer 乗り入れ路線 % Correct
流山 流鉄流山線
100%
流山おおたかの森 つくばエクスプレス、東武野田線
98%
南流山 つくばエクスプレス、JR武蔵野線
94%
流山セントラルパーク つくばエクスプレス
74%
運河 東武野田線
60%
鰭ヶ崎 流鉄流山線
53%
平和台 流鉄流山線
51%
江戸川台 東武野田線
49%
初石 東武野田線
47%
No matching quizzes found
Score Distribution
Percent of People with Each Score
Percentile by Number Answered
Your Score History
You have not taken this quiz